Matemáticas superiores para los físicos y técnicos principiantes
| Main Authors: | , |
|---|---|
| Format: | Section = Libro |
| Language: | Undetermined Spanish |
| Published: |
Moscú
Mir Moscú
1987
|
| Subjects: |
| LEADER | 00480nam a2200181Ia 4500 | ||
|---|---|---|---|
| 008 | 240829s9999 xx 000 0 und d | ||
| 040 | |a BIBLIOTECA-RUSB/ 510 Z49 | ||
| 041 | |a spa | ||
| 082 | |a 510 Z49 | ||
| 100 | 1 | |a Zeldovich, Ya | |
| 100 | 1 | |b Yaglom, | |
| 245 | 1 | 0 | |a Matemáticas superiores para los físicos y técnicos principiantes |
| 260 | |a Moscú |b Mir Moscú |c 1987 | ||
| 300 | |a 584 p. :il. | ||
| 650 | 7 | |a MATEMATICA SUPERIOR | |
| 942 | |c BK |2 ddc | ||
| 991 | |a TEXTO | ||
| 999 | |c 1299 | ||